LEADER 04589nam 2200601 450 001 9910811802703321 005 20200520144314.0 010 $a2-7420-1344-X 035 $a(CKB)3710000000088095 035 $a(EBL)3317997 035 $a(SSID)ssj0001128768 035 $a(PQKBManifestationID)12488668 035 $a(PQKBTitleCode)TC0001128768 035 $a(PQKBWorkID)11084660 035 $a(PQKB)11748665 035 $a(MiAaPQ)EBC3317997 035 $a(Au-PeEL)EBL3317997 035 $a(CaPaEBR)ebr10836943 035 $a(OCoLC)874162694 035 $a(PPN)185796605 035 $a(EXLCZ)993710000000088095 100 $a20140217h20112011 uy| 0 101 0 $aeng 135 $aur|n|---||||| 181 $ctxt 182 $cc 183 $acr 200 10$aVaccination $ea history : from Lady Montagu and genetic engineering /$fHerve? Bazin 210 1$aMontrouge, France :$cJohn Libbey Eurotext,$d[2011] 210 4$dİ2011 215 $a1 online resource (551 p.) 225 1 $aMe?decine Sciences/Se?lection 300 $aDescription based upon print version of record. 311 $a2-7420-0775-X 320 $aIncludes bibliographical references and index. 327 $a""Vaccination: a History""; ""Contents""; ""Foreword""; ""Introduction""; ""I - Prehistory""; ""1 - Smallpox or Variola""; ""The Arrival of Smallpox in the Western World""; ""Ordinary Smallpox""; ""Various Forms of Smallpox""; ""Treatments""; ""Extent of Mortality Due to Smallpox""; ""2 - Lady Montagu Brings Variolation from Turkey: 1721...""; ""Announcement of Variolation in the Western World: circa 1700""; ""Lady Mary Wortley Montagu""; ""The Entry of Smallpox Inoculation in the Western World""; ""The First Wave of Inoculations in England: 1722-1730, and on the Continent"" 327 $a""Revival of Inoculation in Anglo Saxon Countries, circa 1738""""The Situation in Continental Europe, Particularly in France""; ""In France, Excesses, Prohibition and Clamour""; ""Improvement of the Variolation Technique by the Suttons: 1760 - 1763""; ""Variolation Gains Ground Gradually: the Period after the Suttons""; ""Was it Wise to Be Variolated in the Eighteenth Century?""; ""Smallpox Inoculation: a Medical Revolution""; ""3 - Smallpox Vaccination and its Uses from Jenner to Pasteur: 1796... to 1880-1900""; ""The Birth of Vaccination""; ""The First Vaccination, May 14, 1796"" 327 $a""The Remarkable Speed of Dissemination of the Jennerian Vaccination""""Arrival of Jennerian Vaccination in Napoleonic France, from 1800 to 1815""; ""The Vaccination Technique""; ""Arm-to-arm Jennerian Vaccination, 1815 to 1864... or until the End of the Century!""; ""Vaccination and its (Major) Problems""; ""Are Cowpox, Horsepox, Sheeppox, Vaccinia and Smallpox the Same Disease due to a Single Agent?""; ""Does Vaccination Confer Permanent Protection? Is Revaccination Necessary?""; ""The Search for Cowpox or Horsepox to Regenerate Vaccine Strains"" 327 $a""Transport and Conservation of the Vaccine""""Animal Vaccine: Solution to Vaccinal Syphilis?""; ""How to Encourage the Population to Be Vaccinated?""; ""The Medical Professions and Vaccination""; ""4 - Inoculation (Variolation) Reaches an Impasse""; ""The Cattle Plague: 1744...""; ""Clavelisation, about 1800""; ""Louis Willems and Bovine Pleuropneumonia: 1852...""; ""Syphilisation or Vaccination against Syphilis: 1844...""; ""Humans and Animals Are Inoculated (Variolated) with Almost Anything""; ""In Animals""; ""In Humans""; ""Conclusion""; ""II - Pasteur and Vaccines"" 327 $a""5 - The Chicken Cholera Vaccine""""The Culture of the Chicken Cholera Germ: 1879""; ""The Extraordinary Discovery of the Chicken Cholera Vaccine: 1879-""; ""Pasteura???s Discovery and Related Controversies""; ""Was Pasteur Secretive and a Fraud, or a Selfless Genius?""; ""6 - Cattle Anthrax and Splenic Fever in Sheep: 1880-1881...""; ""The History of Ruminant Anthrax""; ""Pasteur Investigates Ruminant Anthrax""; ""Henry Toussaint: an Intruder in the Field of Vaccines""; ""Pasteur Mounts a Counter-Attack, without Amunition""; ""Toussainta???s Work as Seen by his Contemporaries"" 327 $a""The Wind Shifts: Toussaint Loses Favour"" 410 0$aMe?decine Sciences/Se?lection 606 $aVaccination$xHistory 615 0$aVaccination$xHistory. 676 $a614.47 700 $aBazin$b H$01657445 801 0$bMiAaPQ 801 1$bMiAaPQ 801 2$bMiAaPQ 906 $aBOOK 912 $a9910811802703321 996 $aVaccination$94010908 997 $aUNINA LEADER 01385nas 2200445- 450 001 9910894451503321 005 20260218111757.0 035 $a(CKB)3790000000115210 035 $a(CONSER)--2021244108 035 $a(DE-599)ZDB2608922-1 035 $a(DE-599)2608922-1 035 $a(EXLCZ)993790000000115210 100 $a20210216a20079999 --o - 101 0 $ageo 181 $ctxt$2rdacontent 182 $cc$2rdamedia 183 $acr$2rdacarrier 200 10$aAnalebi 210 1$aT?bilisi :$cIstoriis, Et?nologiis, Religiis ?escavlisa da Propagandis Samec?niero C?entri,$d2007- 215 $a1 online resource 311 08$aPrint version: Analebi. 1512-343X (DLC) 2021244108 (OCoLC)1237656598 517 1 $aAnalebi 531 1 $aAnalebi 606 $aChurch history$vPeriodicals 606 $aChurch history$2fast$3(OCoLC)fst00860740 607 $aGeorgia (Republic)$xHistory$vPeriodicals 607 $aCaucasus$xHistory$vPeriodicals 607 $aCaucasus$2fast 607 $aGeorgia (Republic)$2fast 608 $aHistory.$2fast 608 $aPeriodicals.$2fast 608 $aSerial publications.$2fast 608 $aSerial publications.$2lcgft 615 0$aChurch history 615 7$aChurch history. 906 $aJOURNAL 912 $a9910894451503321 920 $aexl_impl conversion 996 $aAnalebi$94256716 997 $aUNINA